| 000 | 00366 a2200109 4500 | ||
|---|---|---|---|
| 001 | ART_27800 | ||
| 005 | 20260410161949.0 | ||
| 008 | 260409a | ||
| 245 | 1 | 0 | _aLa trayectoria hacia la realización latinoamericana de las instituciones educativas metodistas |
| 100 | 1 | _aOrtega, Hugo O. | |
| 773 | 0 |
_tInvenio _g- Año 1, Nº 2 (nov. 1998) _wREV27781 |
|
| 999 |
_c30233 _d30233 |
||